000 004340000a22001810004500
003 MACL
005 20160110121307.0
008 160110b xxu||||| |||| 00| 0 eng d
040 _aMACL
_cMACL
041 _aEnglish
082 _a825/GOV
100 _aMenon's, K K Krishna
_930791
245 _aKashmir
260 _bThe Publications Divisions
_aNew Delhi
350 _a3
650 _aSpeeches
_930792
942 _cBK
_k825/Men
_2ddc
999 _c34975
_d34975